US-Bundesstaaten mit Küste - Statistiken

Allgemein
  • Dieses Quiz wurde 152 mal gespielt
  • Das Durchschnittsergebnis liegt bei 18 aus 23
Antworten auf der Karte
Die Antworten werden auf der Karte rot bzw. grün angezeigt, abhängig davon wie oft sie richtig erraten wurden.
 
Antwortstatistiken
Antwort % Korrekt
Florida
95%
Kalifornien
94%
Washington
92%
Alaska
91%
New York
91%
Texas
90%
Hawaii
88%
Maine
81%
Alabama
79%
North Carolina
79%
South Carolina
79%
Oregon
77%
Louisiana
73%
Mississippi
73%
Rhode Island
73%
Georgia
72%
New Jersey
72%
Virginia
71%
Maryland
66%
Massachusetts
65%
Delaware
63%
Connecticut
61%
New Hampshire
60%
Keine übereinstimmenden Quizze gefunden
Verteilung der Resultate
Anzahl Personen mit jedem Resultat
Perzentil nach korrekt beantworteten Fragen
Ihre Resultats-Entwicklung
Sie haben dieses Quiz noch nicht gespielt